Laura non c'è - Nek (Tutti testo) - Statistics

Statistiche generali
  • Questo quiz è stato fatto 340 volte
  • Il punteggio medio è 214 su 313
Statistiche sulle risposte
Risposta % Corretto
a
100%
A
100%
è
100%
E
100%
e
100%
È
100%
L'
100%
100%
la
100%
Laura
99%
no
99%
non
99%
Non
99%
c'è,
98%
c'è
98%
ce
98%
C'è
98%
mi
98%
Mi
98%
andata
97%
via
97%
cosa
96%
più
96%
mia
95%
se
88%
Se
88%
lo
84%
Ma
83%
ma
83%
Per
82%
che
81%
Che
81%
di
79%
te
77%
te,
77%
76%
da
76%
Da
76%
so
76%
amo
75%
sei
75%
ci
73%
Ci
73%
qua,
72%
sa
72%
noi
71%
con
70%
il
70%
lei
69%
Lei
69%
Fa
68%
perchè
68%
me
67%
tra
67%
Su
65%
adesso,
64%
Io
64%
io
64%
vuoi
62%
in
61%
tu
61%
chiedi
60%
mai
60%
manca
60%
stesso
60%
Però
57%
si
57%
al
56%
amiamo
55%
solo
54%
Solo
54%
sai
53%
un
53%
niente
50%
stai
49%
male
48%
sto
48%
suo
47%
fiato
46%
ho
46%
capisco
45%
mio
45%
pensare
45%
Stare
45%
stare
45%
amore
44%
basto
44%
schifo
43%
spezzare
43%
voglio
43%
stupido
42%
vorrei
42%
cercarla
41%
faccio
41%
ora
41%
passata
41%
posto
41%
credi
39%
fare
37%
così
36%
strano
36%
altro
35%
dov'è,
34%
forza
33%
acceso
32%
Andiamocene
32%
Stasera
32%
ancora
31%
dentro
31%
sia
31%
abbraccio
30%
fuso
30%
accanto
29%
corpo
29%
muove
28%
posso,
28%
posso
28%
bene
26%
pensato
26%
proprio
26%
quanto
26%
Credo
25%
ed
25%
Forse
25%
dispiace
24%
oh
24%
succedesse
23%
Giuro
22%
Magari
22%
logico
20%
mondo
20%
riflesso
20%
difficile
19%
emergenza
18%
coscienza
17%
fossi
17%
provi
17%
addosso,
16%
scappare,
16%
casca
14%
eh
12%
tram
10%
Nessun quiz corrispondente trovato
Distribuzione punteggi
Percentuale di utenti per punteggio
Percentile per numero di risposta
I tuoi punteggi nel tempo
Non hai fatto questo quiz